000
00302pam a2200121 a 4500
020
_a
81-203-2105-7
_c
041
_h
082
_a
155.92
_b
BAR
100
_a
BARON R.A.,BYRNE D.,
245
_a
SOCIAL PSYCHOLOGY
_h
Textual Documents
260
_a
NEW DELHI
_b
PRENTICE HALL OF INDIA
_c
2003
930
_a
13004
999
_c
132431
_d
132431